Florida cities with over 100,000 people - Statistics

General Stats
  • This quiz has been taken 53 times
  • The average score is 15 of 25
Answer Stats
Population City % Correct
449,514 Miami
100%
316,081 Orlando
100%
398,173 Tampa
100%
971,319 Jacksonville
96%
201,731 Tallahassee
93%
183,146 Fort Lauderdale
89%
261,256 St. Petersburg
87%
220,292 Hialeah
71%
216,992 Cape Coral
69%
120,932 West Palm Beach
67%
145,214 Gainesville
62%
231,790 Port St. Lucie
60%
117,027 Clearwater
56%
152,650 Hollywood
56%
120,071 Lakeland
49%
133,369 Coral Springs
44%
129,234 Palm Bay
40%
169,876 Pembroke Pines
40%
106,513 Davie
38%
110,497 Miami Gardens
38%
112,302 Pompano Beach
36%
137,228 Miramar
33%
115,330 Brandon
20%
114,706 Spring Hill
11%
123,751 Leigh Acres
4%
No matching quizzes found
Score Distribution
Percent of People with Each Score
Percentile by Number Answered
Your Score History
You have not taken this quiz